000 01056nas a2200349 4500
001 BR2010005559
003 BR-BrBNA
005 20231205114817.0
007 ta
008 230509b bl.|||p| |||| 00| 00por d
040 _aBR-BrBNA
_bpor
_cBiblioteca Nacional de Agricultura
041 _a(Es)
072 _aL52; L50
100 1 _aVilla, N.A.
100 1 _aPulgarin, E.F.
100 1 _aTabares, P.A.
100 1 _aAngarita, E.
100 1 _aCeballos, A.
245 1 _aMedidas corporales y concentración sérica y folicular de lípidos y glucosa en vascas Brahman fértiles y subfértiles
650 _aVACA
650 _aLACTAÇÃO
650 _aFERTILIDADE ANIMAL
650 _aREPRODUÇÃO ANIMAL
650 _aCONDIÇÃO CORPORAL
650 _aOVÁRIO
650 _aLIPÍDIO
650 _aGLICOSE
650 _aBIOQUÍMICA ANIMAL
773 0 _tPesquisa Agropecuária Brasileira (Brazil)
_xISSN 0100-204X
_g(Sep 2009), v. 44(9) p. 1198-1204
_wBR2010005559
909 _a202311
_bLúcia
_c55
_dLúcia Elande
942 _2AGRIS
_n0
_cANA
999 _c210610
_d210610